Kliknij na Oś czasu: Postacie fikcyjne - Statystyki

Ogólne statystyki
  • Ten quiz został rozwiązany 138 razy
  • Średni wynik to 4 z 11
Odpowiedzi na mapie
Odpowiedzi zakodowano w zielono-czerwonej skali na mapie do tego quizu, zgodnie z poniższymi procentami.
 
Statystyki odpowiedzi
Odpowiedź % Poprawnych
Harry Potter
55%
Elza z Arendelle
47%
Myszka Miki
45%
Darth Vader
41%
Dracula
34%
James Bond
34%
Sherlock Holmes
28%
Homer Simpson
23%
Batman
20%
Oliver Twist
19%
Królewa Snieżka
14%
Nie znaleziono quizów pasujących do podanych kryteriów
Rozkład punktacji
Procent ludzi z każdym wynikiem
Percentyl według liczby udzielonych odpowiedzi
Twoja historia wyników
Nie rozwiązałeś tego quizu